000 00217 a2200097 4500
001 47819
100 _aAfzal Ahmad
245 _aGhaza our Sahat
260 _aLahore
_bSang-e-Meel Publishers
_c
090 _c30820
_d30820
942 _aNUST-CAE
_cM
_c23137
999 _c282892
_d282892